House price index (Record no. 112071)

MARC details
000 -LEADER
fixed length control field 01662cad a22002415a 4500
001 - CONTROL NUMBER
control field L152487
008 - FIXED-LENGTH DATA ELEMENTS--GENERAL INFORMATION
fixed length control field 110317e20110315xxkd f s f000 0 eng d
035 ## - SYSTEM CONTROL NUMBER
System control number (Sirsi) u152487
041 0# - LANGUAGE CODE
Language code of text/sound track or separate title eng
050 04 - LIBRARY OF CONGRESS CALL NUMBER
Classification number 333.33 $2 18
110 1# - MAIN ENTRY--CORPORATE NAME
Corporate name or jurisdiction name as entry element United Kingdom
Subordinate unit Department for Communities and Local Government
9 (RLIN) 4939
245 00 - TITLE STATEMENT
Title House price index
Remainder of title January 2011
Medium [electronic resource]
260 ## - PUBLICATION, DISTRIBUTION, ETC.
Place of publication, distribution, etc. London
Name of publisher, distributor, etc. DCLG
Date of publication, distribution, etc. 2011
490 #0 - SERIES STATEMENT
Series statement DCLG House Price Index
Volume/sequential designation January 2011
520 ## - SUMMARY, ETC.
Summary, etc. UK house prices rose by 0.5% since January 2010 and decreased by 1.4% since December 2010. The mix-adjusted average house price was £208 552 in January 2011 (not seasonally adjusted). UK house prices fell by 0.4% in the quarter ending January 2011 compared with a decrease of 0.2% in the quarter ending Octobter 2010 (seasonally adjusted). Annual average house prices rose by 1%. in England but fell by 1.8% in Wales and 3.2% in Scotland in Northern Ireland by 14.1%. Annual average house prices paid by first time buyers in January 2011 were 1.5% higher than a year ago. By comparison average house prices paid by former owner occupiers were 0.1%. Annual average house prices paid for new properties in December 2010 were 8.6% higher than a year ago. By comparison average house prices paid on pre-owned dwellings were 0.1% lower.
521 ## - TARGET AUDIENCE NOTE
Target audience note Advanced
590 ## - LOCAL NOTE (RLIN)
Local note KA NTK
650 24 - SUBJECT ADDED ENTRY--TOPICAL TERM
Topical term or geographic name entry element DCLG HOUSE PRICE INDEX
651 #4 - SUBJECT ADDED ENTRY--GEOGRAPHIC NAME
Geographic name United Kingdom
Chronological subdivision
690 ## - LOCAL SUBJECT ADDED ENTRY--TOPICAL TERM (OCLC, RLIN)
Topical term or geographic name as entry element PROPERTY-RESIDENTIAL PROPERTY-RESIDENTIAL PROPERTY MARKET
856 40 - ELECTRONIC LOCATION AND ACCESS
Uniform Resource Identifier <a href="https://www.communities.gov.uk/documents/statistics/pdf/1864282.pdf">https://www.communities.gov.uk/documents/statistics/pdf/1864282.pdf</a>
Public note View this item free of charge at www.communities.gov.uk
942 ## - ADDED ENTRY ELEMENTS (KOHA)
Suppress in OPAC 0
Holdings
Withdrawn status Lost status Source of classification or shelving scheme Damaged status Not for loan Home library Current library Shelving location Date acquired Total Checkouts Full call number Barcode Date last seen Copy number Price effective from Koha item type
    Dewey Decimal Classification     Virtual Virtual Online 17/03/2011   ONLINE PUBLICATION 152487-2001 06/08/2019 1 06/08/2019 Book